[Event "Hasselbacken Open 2019"]
[Site "Stockholm"]
[Date "2019.11.01"]
[Round "2.1"]
[White "Hardarson, Jon Trausti"]
[Black "Mirzoev, Emil"]
[Result "0-1"]
[WhiteElo "2098"]
[BlackElo "2455"]
[Annotator "TA"]
[PlyCount "70"]
[EventDate "2019.11.01"]
[EventCountry "SWE"]
[SourceTitle "playchess.com"]
[Source "ChessBase"]
[SourceQuality "1"]

{[%evp 17,70,37,31,21,25,25,15,22,27,0,26,0,0,0,24,28,33,0,0,-37,4,-108,-99,-101,0,0,13,-95,-95,-95,-97,-89,-98,-99,-98,-97,-94,-93,-93,-98,-98,-148,-135,-143,-150,-631,-591,-5406,-729,-625,-618,-734,-734,-731,-721]} 1. d4 Nf6 2. Nf3 c5 3. d5 d6 4. Nc3 g6 5. e4 Bg7 6. Be2 O-O 7. O-O Bg4 8. Nd2 Bxe2 9. Qxe2 Nbd7 10. Nc4 {A43: Schmid Benoni} (10. a4 Ne8 11. Nc4 Nb6 12. Ne3 Nc7 13. Nb5 Nxb5 14. Qxb5 Qd7 15. Qb3 Rab8 16. Bd2 f5 17. exf5 gxf5 18. a5 Na8 {0-1 (94) Blagojevic,D (2490)-Ivanisevic,I (2610) Ulcinj 2014}) 10... Nb6 11. a4 Nxc4 12. Qxc4 {The position is equal.} Nd7 13. f4 $146 ({Predecessor:} 13. Bd2 b6 14. Rfe1 a6 15. f4 Qc8 16. Nd1 Qb7 17. Qb3 b5 {0-1 (69) Macsik,T (2294)-Zlatic,M (2404) Paks 2004}) 13... a6 14. a5 b5 15. axb6 Nxb6 16. Qe2 a5 17. Bd2 a4 18. Ra2 Qd7 19. Nb5 (19. f5 $11) 19... Rfb8 $17 20. Na3 Qb7 ({Black should play} 20... e6 $17 21. Qd3 Re8) 21. c4 $11 Qd7 22. e5 (22. Bc3 $11) 22... e6 $17 23. dxe6 Qxe6 {[%cal Rd6e5]} 24. Bc3 dxe5 25. fxe5 Re8 {[%cal Rg7e5]} 26. Re1 Re7 27. Raa1 Rae8 {[%cal Rg7e5]} 28. Qf2 Nxc4 29. Qxc5 Nxe5 30. Nb5 Qf5 31. Bxe5 $2 (31. Kh1 $17 Qd7 32. Nd4) 31... Rxe5 {Black is clearly winning.} 32. Qf2 Qxf2+ (32... Rxe1+ $142 33. Rxe1 Rxe1+ 34. Qxe1 Qxb5) 33. Kxf2 $19 Rf5+ {[%mdl 64] [#] Discovered Attack} 34. Kg3 Rxe1 35. Rxe1 Rxb5 {Accuracy: White = 33%, Black = 56%.} 0-1

[Event "Hasselbacken Open 2019"]
[Site "Stockholm"]
[Date "2019.11.01"]
[Round "2.2"]
[White "Sjodahl, Pontus"]
[Black "Svensson, Hakan"]
[Result "1-0"]
[WhiteElo "2441"]
[BlackElo "2034"]
[Annotator "TA"]
[PlyCount "51"]
[EventDate "2019.11.01"]
[EventCountry "SWE"]
[SourceTitle "playchess.com"]
[Source "ChessBase"]
[SourceQuality "1"]

{[%evp 12,51,42,0,22,18,44,31,51,45,105,38,83,22,86,48,102,37,64,6,11,0,0,0,89,11,15,22,43,0,73,62,493,487,592,571,589,577,2291,1583,29975,1862]} 1. d4 d5 2. c4 e6 3. Nc3 Nf6 4. cxd5 Nxd5 5. e4 Nxc3 6. bxc3 c5 7. a3 Qc7 {D35: Queen's Gambit Declined: Exchange Variation} (7... g6 8. Nf3 Bg7 9. Be2 O-O 10. O-O cxd4 11. cxd4 Nc6 12. Bg5 Qd6 13. e5 Qd5 14. Rc1 h6 15. Be3 {0-1 (46) Yu,Y (2784)-Dominguez Perez,L (2752) Hengshui 2019}) 8. Nf3 g6 9. h4 Bg7 $146 {White is slightly better.} ({Predecessor:} 9... h5 10. Be2 Bg7 11. O-O O-O 12. Be3 Nd7 13. Ng5 Rd8 14. f4 Nf8 15. f5 exf5 16. exf5 Bxf5 {½-½ (33) Hinrichs,P (1847)-Einwiller,D (2106) Bad Homburg 2018}) 10. h5 Nd7 (10... Nc6 $14) 11. h6 (11. e5 $16) 11... Bf8 12. e5 (12. Bg5 $16) 12... b6 (12... Be7 $11 {remains equal.}) 13. Be2 Bb7 {[#]} ({Black should try} 13... Be7 $14) 14. O-O (14. Bg5 $1 $16) 14... Be7 15. Be3 (15. Bg5 $14) 15... Rd8 $11 16. Qb1 O-O 17. a4 f5 (17... Nb8 $11) 18. exf6 (18. Bc4 $16) 18... Nxf6 {Threatens to win with ...Ng4.} 19. Ng5 Qc8 20. Bc4 Nd5 {[#]} (20... Bd5 $11 {keeps the balance.} 21. Be2 e5 22. dxc5 Bxc5) 21. Qe4 $1 $36 {[%mdl 2048] Black is under pressure.} Rd6 $2 {[%mdl 8192] [#]} ({Black should play} 21... Bxg5 $14 22. Bxg5 Rde8) 22. Qe5 $1 $18 {[%csl Gh6][%cal Re5g7][%mdl 512]} Rf6 23. Ne4 {[%mdl 64] Double Attack} Qd8 24. dxc5 Nxe3 25. cxd6 Bxe4 26. dxe7 {Accuracy: White = 32%, Black = 19%.} (26. Bxe6+ $142 Kf8 27. fxe3 Bf5 28. Rad1 Qe8 29. Bxf5 gxf5 30. Rxf5 Kf7 31. dxe7) 1-0

[Event "Hasselbacken Open 2019"]
[Site "Stockholm"]
[Date "2019.11.01"]
[Round "2.3"]
[White "Evertsson, Rune"]
[Black "Seo, Jung Min"]
[Result "0-1"]
[WhiteElo "2056"]
[BlackElo "2433"]
[Annotator "TA"]
[PlyCount "70"]
[EventDate "2019.11.01"]
[EventCountry "SWE"]
[SourceTitle "playchess.com"]
[Source "ChessBase"]
[SourceQuality "1"]

{[%evp 12,70,12,13,50,17,49,38,53,41,37,30,47,60,62,55,56,54,58,52,53,18,27,27,25,0,26,18,28,-17,-15,-9,-9,-10,-19,-16,-27,-12,10,0,0,-205,-109,-195,-102,-110,-20,-267,-147,-925,-171,-1181,-1141,-1181,-1141,-29988,-29989,-29996,-29985,-29997,-5826]} 1. c4 e5 2. g3 g6 3. Bg2 Bg7 4. Nc3 Ne7 5. e3 O-O 6. Nge2 d6 7. O-O f5 {A21: English Opening: 1...e5 2 Nc3} (7... c5 8. d4 exd4 9. exd4 Nbc6 10. dxc5 dxc5 11. Bg5 h6 12. Be3 Nd4 13. Bxd4 cxd4 14. Nd5 Nxd5 15. Bxd5 {½-½ (23) Saric,A (2563)-Jovanovic,Z (2541) Opatija 2015}) 8. f4 e4 $146 ({Predecessor:} 8... c6 9. Rb1 a5 10. a3 Na6 11. b4 axb4 12. axb4 Bd7 13. b5 {1-0 (50) Richter,H (1790)-Frantzke,H (1930) Ellwangen 1997}) 9. d3 exd3 {White is slightly better.} 10. Qxd3 Na6 11. b3 Nc5 12. Qc2 c6 13. Bb2 Be6 14. Nd4 Bf7 15. Rad1 Qb6 16. Kh1 Rad8 17. Nf3 h6 18. h3 Rfe8 19. Rfe1 a5 20. e4 (20. Kh2 {keeps more tension.} Qb4 21. e4 fxe4 22. Nxe4 Bxb2 23. Nxc5 Bf6 24. Ne4) 20... fxe4 21. Nxe4 Nxe4 22. Rxe4 Nf5 23. Rxe8+ Rxe8 24. Bxg7 Kxg7 (24... Re2 $5 25. c5 Rxc2 26. cxb6 Kxg7 $15) 25. Qc3+ Kg8 {Hoping for ...Qf2.} 26. g4 $2 (26. Nd4 $1 $11) 26... Ng3+ $19 27. Kh2 Ne2 (27... Qf2 $19 28. Re1 Ne2 {[%mdl 64] Double Attack}) 28. Qf6 Re6 ({Black should play} 28... Qf2 $17 {aiming for ...Qg3+.} 29. Qh4 (29. Rxd6 $2 Qg3+ {[%mdl 64] Double Attack} 30. Kh1 Nxf4 $19 {[%mdl 64] Double Attack}) 29... Qxh4 30. Nxh4 Nxf4) 29. Qb2 $2 (29. Qh4 $11 {and White is okay.} Nxf4 30. Qxh6 Nxg2 31. Ng5 (31. Kxg2 Re2+ {[%mdl 64] Double Attack} 32. Kg3 Qf2+ 33. Kf4 Re3 34. Rd2 Qxf3+ {[%mdl 64] Double Attack} 35. Kg5 Qg3 36. Rxd6 {[%mdl 64] Decoy} Qxd6 37. Qxg6+ Bxg6 38. a4 Qe7+ 39. Kh6 Be4 40. Kh5 Rxh3#)) 29... Nxf4 (29... Qf2 $19 {...Qg3+ is the strong threat.} 30. Rf1 Qg3+ {[%mdl 64] Double Attack} 31. Kh1 Qxf4) 30. Bf1 $2 {[%mdl 8192] [#]} (30. Qd4 $17 Qxd4 31. Rxd4) 30... Qe3 $2 (30... Re2+ $1 {[%mdl 512]} 31. Qxe2 (31. Bxe2 Qf2+) 31... Nxe2) 31. Kg3 $2 {[#]} (31. Bg2) 31... h5 $1 32. h4 hxg4 33. Kxg4 Nh5 {Black mates.} 34. Rd4 Re4+ 35. Rxe4 Be6+ 0-1

[Event "Hasselbacken Open 2019"]
[Site "Stockholm"]
[Date "2019.11.01"]
[Round "2.4"]
[White "Peng, Li Min"]
[Black "Bostrom, Henrik"]
[Result "1-0"]
[WhiteElo "2454"]
[BlackElo "2032"]
[Annotator "TA"]
[PlyCount "29"]
[EventDate "2019.11.01"]
[EventCountry "SWE"]
[SourceTitle "playchess.com"]
[Source "ChessBase"]
[SourceQuality "1"]

{[%evp 17,29,1,23,-25,0,-18,68,55,67,58,68,72,566,587]} 1. Nf3 Nf6 2. c4 e6 3. g3 Be7 4. Bg2 O-O 5. O-O d5 6. b3 c5 7. Bb2 Nc6 8. e3 dxc4 9. bxc4 Qd3 10. Qc1 {A14: English Opening: 1...e6 with b3 by White} (10. Qb3 Rd8 11. Rd1 a6 12. Qxd3 Rxd3 13. Nc3 Rd8 14. Rab1 Rb8 15. Na4 Bd7 16. Nb6 Bd6 17. d4 cxd4 18. exd4 {1-0 (68) Neverov,V (2572)-Efimenko,Z (2643) Rivne 2005}) 10... Rd8 11. Rd1 Na5 $146 ({Black should try} 11... h5 $11) ({Predecessor:} 11... e5 12. Nxe5 Nxe5 13. Bxe5 Ng4 14. Bb2 Qe2 15. Rf1 Rd6 16. h3 Rh6 17. hxg4 Qxg4 18. Qd1 Qxd1 19. d4 Rb6 20. Ba3 Bf6 21. Bxc5 Rb5 22. Na3 {1-0 (22) Perez Rivero,J (1666)-Singer Rojas,R (1539) Maracay 2018}) 12. Ne5 $14 Qd6 13. d4 cxd4 14. exd4 Bd7 $2 {[%mdl 8192] [#]} (14... Qc7 $16 {is more resistant.}) 15. Ba3 1-0

[Event "Hasselbacken Open 2019"]
[Site "Stockholm"]
[Date "2019.11.01"]
[Round "2.5"]
[White "Pettersson, Alexander"]
[Black "Roshka, Yevgeniy"]
[Result "0-1"]
[WhiteElo "2072"]
[BlackElo "2369"]
[Annotator "RC"]
[PlyCount "36"]
[EventDate "2019.11.01"]
[EventCountry "SWE"]
[SourceTitle "playchess.com"]
[Source "ChessBase"]
[SourceQuality "1"]
[TimeControl "900+5"]

1. d4 {[%emt 0:00:00]} g6 {[%emt 0:00:00]} 2. c4 {[%emt 0:00:04]} Bg7 {[%emt 0:00:00]} 3. Nc3 {[%emt 0:00:02]} d6 {[%emt 0:00:00]} 4. e4 {[%emt 0:00:06]} e5 {[%emt 0:00:00]} 5. d5 {[%emt 0:00:13]} a5 {[%emt 0:00:32]} 6. Bd3 {[%emt 0:00:17]} Na6 {[%emt 0:00:01]} 7. Nge2 {[%emt 0:00:07]} Nc5 {[%emt 0:00:04]} 8. Bc2 {[%emt 0:00:04]} Nh6 {[%emt 0:00:29]} 9. Ng3 {[%emt 0:00:48]} O-O {[%emt 0:00:08]} 10. O-O {[%emt 0:00:11]} f5 {[%emt 0:00:03]} 11. exf5 {[%emt 0:00:23]} Nxf5 {[%emt 0:00:01]} 12. Nxf5 {[%emt 0:00:11]} Bxf5 {[%emt 0:00:14]} 13. Bxf5 {[%emt 0:00:31]} gxf5 {[%emt 0:00:42]} 14. Be3 {[%emt 0:00:39]} b6 {[%emt 0:00:13]} 15. Qd2 {[%emt 0:00:40]} Qh4 {[%emt 0:00:26]} 16. b3 {[%emt 0:01:17]} f4 {[%emt 0:00:47]} 17. Bxc5 {[%emt 0:00:24]} f3 {[%emt 0:00:01]} 18. Be3 {[%emt 0:00:55]} Qg4 {[%emt 0:00:05]} 0-1

[Event "Hasselbacken Open 2019"]
[Site "Stockholm"]
[Date "2019.11.01"]
[Round "2.6"]
[White "Pantzar, Milton"]
[Black "Luna, Gustavo"]
[Result "1-0"]
[WhiteElo "2376"]
[BlackElo "2041"]
[Annotator "TA"]
[PlyCount "109"]
[EventDate "2019.11.01"]
[EventCountry "SWE"]
[SourceTitle "playchess.com"]
[Source "ChessBase"]
[SourceQuality "1"]

{[%evp 13,108,37,43,25,67,68,63,62,105,93,108,116,141,131,146,113,142,112,219,224,253,254,248,254,264,252,255,250,400,380,362,367,365,371,384,340,350,332,351,339,404,259,288,291,527,307,301,301,317,318,404,402,405,393,438,421,753,747,795,370,783,745,785,766,726,721,819,756,865,812,855,611,591,0,854,816,922,899,926,867,833,875,697,427,420,414,29979,29980,5949,469,29980,29978,29990,29991,29991,29992,29999]} 1. d4 Nf6 2. c4 g6 3. Nc3 Bg7 4. e4 d6 5. h3 O-O 6. Be3 e5 7. d5 Nbd7 8. g4 {E71: King's Indian: 4 e4 d6 5 h3} a5 9. Nge2 Nc5 10. Ng3 {White is slightly better.} Bd7 11. Be2 Qc8 $146 ({Predecessor:} 11... Ne8 12. h4 f5 13. exf5 gxf5 14. Nxf5 Bxf5 15. gxf5 Qf6 {1-0 (34) Ivanisevic,I (2597)-Szamoskozi,G (2257) Hungary 2019}) 12. Qd2 Ne8 13. O-O-O a4 14. Rdg1 Nf6 15. f3 b6 (15... c6 $16 {was necessary.}) 16. h4 $18 Qa6 17. h5 Qa5 {[#]} 18. Nf5 $1 {[%mdl 512]} Bxf5 (18... gxf5 19. gxf5) 19. gxf5 a3 {[#]} 20. b3 $1 ({Don't do} 20. hxg6 $6 axb2+ 21. Qxb2 fxg6 $16) 20... Nxb3+ (20... Nxh5 $142 21. Rxh5 Nxb3+ 22. axb3 gxh5) 21. axb3 a2 22. Kc2 Nxh5 23. Ra1 Nf4 24. Nb5 Qxd2+ 25. Kxd2 Rfc8 26. fxg6 fxg6 27. Nc3 Ra3 28. Rxa2 Rxb3 $2 (28... Rxa2+ 29. Nxa2 h5) 29. Rb1 Rxb1 30. Nxb1 h5 31. Nc3 h4 32. Bf1 Rf8 33. Bxf4 exf4 34. Bh3 Bxc3+ (34... Bd4 $142 35. Nb5 Be5 36. Nxc7 Kh7) 35. Kxc3 {[%mdl 4096] Endgame KRB-KR} Kg7 36. Be6 (36. Ra7 $142 Rf7 {[#]} 37. e5 $1 {[%mdl 576] Promotion} dxe5 38. Be6) 36... Re8 $2 (36... Rh8 37. Bh3 Kf6) 37. Ra7 Re7 38. Kd4 Kf6 39. Ra8 Rh7 40. Bh3 g5 41. Rf8+ Ke7 42. Rg8 Kf6 43. Rf8+ Ke7 $1 {[%cal Re7f8]} 44. Rf5 Rg7 45. e5 dxe5+ 46. Rxe5+ Kd8 47. Re6 Rg8 48. d6 cxd6 49. Kd5 Kc7 (49... Rg7 $18 50. Kxd6 Rd7+ 51. Ke5 Kc7) 50. Re7+ Kb8 51. Kxd6 (51. Kc6 $142 Ka8 52. Be6) 51... Rd8+ (51... Rg6+ $18 52. Be6 g4 53. fxg4 Rh6 54. g5 Rh8 55. g6 Rd8+ 56. Rd7 Rc8) 52. Kc6 {White mates.} Rg8 53. Kxb6 Rg6+ 54. Be6 {[%cal Re7e8]} h3 55. Re8# {Accuracy: White = 71%, Black = 24%.} 1-0

[Event "Hasselbacken Open 2019"]
[Site "Stockholm"]
[Date "2019.11.01"]
[Round "2.7"]
[White "Willinger, Tim"]
[Black "Bogdanov, Egor"]
[Result "0-1"]
[WhiteElo "2034"]
[BlackElo "2409"]
[Annotator "TA"]
[PlyCount "88"]
[EventDate "2019.11.01"]
[EventCountry "SWE"]
[SourceTitle "playchess.com"]
[Source "ChessBase"]
[SourceQuality "1"]

{[%evp 13,88,34,46,44,47,45,73,31,77,72,72,32,56,-43,-46,-52,-42,-35,-31,-20,0,-115,-123,-115,-70,-334,-330,-323,-308,-480,-482,-600,-575,-899,-791,-766,-791,-781,-775,-785,-781,-775,-764,-1004,-1010,-1006,-843,-1000,-973,-955,-597,-568,-558,-958,-947,-940,-929,-941,-928,-1624,-1396,-1620,-1416,-2119,-2077,-2017,-1885,-1497,-1291,-1227,-1224,-12815,-11127,-6541,-6518,-5314,-5306]} 1. d4 Nf6 2. c4 g6 3. Nc3 Bg7 4. e4 O-O 5. h3 d6 6. Be3 e5 7. d5 a5 8. g4 {E71: King's Indian: 4 e4 d6 5 h3} Na6 9. Nge2 Nd7 10. Ng3 {White is better.} Ndc5 11. Qd2 Bd7 12. f3 $146 ({Predecessor:} 12. Be2 c6 13. h4 cxd5 14. Nxd5 Nb4 15. h5 Nxd5 16. cxd5 {1-0 (111) Kovalenko,I (2653)-Seeman,T (2429) Tallinn 2015}) 12... Qh4 13. Qf2 ({White should play} 13. Rg1 $14 Qd8 14. O-O-O) 13... Bh6 $15 14. Rg1 Bxe3 15. Qxe3 Nb4 {Strongly threatening ...Nc2+.} 16. O-O-O a4 17. Kb1 (17. Be2 $11) 17... a3 $36 {[%mdl 2048] Black has strong initiative.} 18. Rd2 Kh8 19. bxa3 $2 {[%mdl 8192]} (19. b3 $15) 19... Rxa3 $19 {Hoping for ...Na4.} 20. Rb2 {[#]} Nbd3 $1 {[%mdl 512]} 21. Nb5 (21. Rc2 {was worth a try.} Nf4 22. Nge2) (21. Bxd3 Rxc3) 21... Bxb5 {Black is clearly winning.} 22. Rxb5 Rfa8 23. Qd2 Rxa2 24. Qxa2 Rxa2 25. Kxa2 Qg5 {( -> ...Qd2+)} 26. Bxd3 Qd2+ {[%mdl 64] [#] Double Attack, Zwischenzug} 27. Rb2 Qxd3 {[%mdl 64] Double Attack} 28. Rf1 Qxc4+ 29. Kb1 b5 30. Ne2 b4 31. Rd1 b3 32. Nc1 Na4 {White must now prevent ...Nc3+.} 33. Nxb3 Nxb2 34. Kxb2 {[%mdl 4096] Endgame KQ-KRN} Qe2+ {[%mdl 64] Double Attack} 35. Kc1 Qxf3 {[%mdl 64] Double Attack} 36. Nd2 Qxh3 37. Rf1 Kg7 38. Rf3 Qxg4 39. Rc3 Qg1+ 40. Kc2 Qa7 41. Kd3 h5 42. Nc4 Qd4+ 43. Kc2 Qxe4+ 44. Kb3 Qxd5 {Accuracy: White = 34%, Black = 57%.} 0-1

[Event "Hasselbacken Open 2019"]
[Site "Stockholm"]
[Date "2019.11.01"]
[Round "2.8"]
[White "Vasli, Aref"]
[Black "Muntean, Victor"]
[Result "0-1"]
[WhiteElo "2348"]
[BlackElo "2020"]
[Annotator "RC"]
[PlyCount "70"]
[EventDate "2019.11.01"]
[EventCountry "SWE"]
[SourceTitle "playchess.com"]
[Source "ChessBase"]
[SourceQuality "1"]
[TimeControl "900+5"]

1. e4 {[%emt 0:00:00]} e5 {[%emt 0:00:00]} 2. Nf3 {[%emt 0:00:00]} Nc6 {[%emt 0:00:00]} 3. Bb5 {[%emt 0:00:01]} a6 {[%emt 0:00:00]} 4. Ba4 {[%emt 0:00:03]} Nf6 {[%emt 0:00:01]} 5. O-O {[%emt 0:00:02]} Be7 {[%emt 0:00:01]} 6. Re1 {[%emt 0:00:05]} b5 {[%emt 0:00:02]} 7. Bb3 {[%emt 0:00:02]} O-O {[%emt 0:00:03]} 8. a4 {[%emt 0:00:32]} Bb7 {[%emt 0:00:04]} 9. d3 {[%emt 0:00:30]} d5 {[%emt 0:01:31]} 10. Nbd2 {[%emt 0:02:12]} Re8 {[%emt 0:01:03]} 11. axb5 {[%emt 0:01:03]} axb5 {[%emt 0:00:01]} 12. Rxa8 {[%emt 0:00:01]} Bxa8 {[%emt 0:00:05]} 13. exd5 {[%emt 0:00:04]} Nxd5 {[%emt 0:00:05]} 14. Ne4 {[%emt 0:01:40]} h6 {[%emt 0:01:25]} 15. Ng3 {[%emt 0:00:26]} Nd4 {[%emt 0:00:39]} 16. Nxd4 {[%emt 0:00:29]} exd4 {[%emt 0:00:02]} 17. Bd2 {[%emt 0:01:44]} Bg5 {[%emt 0:01:40]} 18. Rxe8+ {[%emt 0:00:42]} Qxe8 {[%emt 0:00:01]} 19. Bxg5 {[%emt 0:00:02]} hxg5 {[%emt 0:00:02]} 20. Ne4 {[%emt 0:00:48]} Nf4 {[%emt 0:00:02]} 21. Nxg5 {[%emt 0:01:25]} Qe7 {[%emt 0:00:14]} 22. h4 {[%emt 0:01:15]} Bxg2 {[%emt 0:03:09]} 23. Qg4 {[%emt 0:00:46]} Bb7 {[%emt 0:00:03]} 24. Kh2 {[%emt 0:00:21]} Qe1 {[%emt 0:01:02]} 25. Bxf7+ {[%emt 0:00:58]} Kf8 {[%emt 0:00:18]} 26. Qg1 {[%emt 0:00:23]} Qe5 {[%emt 0:00:32]} 27. Qg3 {[%emt 0:00:05]} Qe1 {[%emt 0:00:11]} 28. Ne4 {[%emt 0:00:36]} Bxe4 {[%emt 0:00:28]} 29. dxe4 {[%emt 0:00:05]} Qxe4 {[%emt 0:00:02]} 30. Bb3 {[%emt 0:00:16]} Ne2 {[%emt 0:00:44]} 31. Qxc7 {[%emt 0:00:24]} Qxh4+ {[%emt 0:00:01]} 32. Kg2 {[%emt 0:00:02]} Nf4+ {[%emt 0:00:02]} 33. Kf3 {[%emt 0:00:07]} Qh1+ {[%emt 0:00:02]} 34. Kg4 {[%emt 0:00:29]} Qh5+ {[%emt 0:00:24]} 35. Kg3 {[%emt 0:00:01]} Qh3+ {[%emt 0:00:02]} 0-1

[Event "Hasselbacken Open 2019"]
[Site "Stockholm"]
[Date "2019.11.01"]
[Round "2.9"]
[White "Falkevall, Axel"]
[Black "Akesson, Ralf"]
[Result "1/2-1/2"]
[WhiteElo "2036"]
[BlackElo "2370"]
[Annotator "RC"]
[PlyCount "72"]
[EventDate "2019.11.01"]
[EventCountry "SWE"]
[SourceTitle "playchess.com"]
[Source "ChessBase"]
[SourceQuality "1"]
[TimeControl "900+5"]

1. e4 {[%emt 0:00:00]} c6 {[%emt 0:00:00]} 2. Nc3 {[%emt 0:00:00]} d5 {[%emt 0:00:00]} 3. Nf3 {[%emt 0:00:01]} Bg4 {[%emt 0:00:03]} 4. h3 {[%emt 0:00:01]} Bxf3 {[%emt 0:00:02]} 5. Qxf3 {[%emt 0:00:02]} e6 {[%emt 0:00:02]} 6. Be2 {[%emt 0:00:08]} Nd7 {[%emt 0:00:10]} 7. d4 {[%emt 0:00:03]} dxe4 {[%emt 0:00:12]} 8. Nxe4 Ngf6 {[%emt 0:00:02]} 9. O-O {[%emt 0:00:27]} Nxe4 {[%emt 0:00:05]} 10. Qxe4 {[%emt 0:00:02]} Nf6 {[%emt 0:00:02]} 11. Qd3 {[%emt 0:00:07]} Be7 {[%emt 0:00:19]} 12. Rd1 {[%emt 0:00:47]} O-O {[%emt 0:00:06]} 13. c4 {[%emt 0:00:16]} a5 {[%emt 0:00:31]} 14. Be3 {[%emt 0:00:36]} a4 {[%emt 0:00:16]} 15. Bf3 {[%emt 0:00:27]} Qa5 {[%emt 0:00:13]} 16. Qc2 {[%emt 0:00:49]} Rfd8 {[%emt 0:00:13]} 17. Rd3 {[%emt 0:01:16]} Rac8 {[%emt 0:00:33]} 18. Rad1 {[%emt 0:00:10]} h6 {[%emt 0:00:16]} 19. Qe2 {[%emt 0:00:44]} Qb4 {[%emt 0:00:55]} 20. Qc2 {[%emt 0:00:27]} Ne8 {[%emt 0:00:37]} 21. Bd2 {[%emt 0:00:23]} Qb6 {[%emt 0:00:08]} 22. Qxa4 {[%emt 0:00:24]} Qxb2 {[%emt 0:00:21]} 23. Bc3 {[%emt 0:00:29]} Qb6 {[%emt 0:00:09]} 24. c5 {[%emt 0:00:50]} Qa6 {[%emt 0:00:44]} 25. Qxa6 {[%emt 0:00:35]} bxa6 {[%emt 0:00:02]} 26. Ba5 {[%emt 0:00:17]} Rd7 {[%emt 0:00:02]} 27. Rb3 {[%emt 0:00:11]} Ra7 {[%emt 0:01:26]} 28. Rb6 {[%emt 0:00:31]} Bd8 {[%emt 0:00:07]} 29. Rxc6 {[%emt 0:00:01]} Rxc6 {[%emt 0:00:05]} 30. Bxc6 {[%emt 0:00:02]} Bxa5 {[%emt 0:00:02]} 31. Bxe8 {[%emt 0:00:02]} Rb7 {[%emt 0:00:12]} 32. Ba4 {[%emt 0:00:08]} Rb2 {[%emt 0:00:04]} 33. Bb3 {[%emt 0:00:02]} Kf8 {[%emt 0:00:07]} 34. d5 {[%emt 0:00:42]} exd5 {[%emt 0:00:12]} 35. Rxd5 {[%emt 0:00:04]} Rd2 {[%emt 0:00:32]} 36. Rxd2 {[%emt 0:00:14]} Bxd2 {[%emt 0:00:02]} 1/2-1/2

[Event "Hasselbacken Open 2019"]
[Site "Stockholm"]
[Date "2019.11.01"]
[Round "2.10"]
[White "Sorensen, Hampus"]
[Black "Lyngsjo, Hakan"]
[Result "1-0"]
[WhiteElo "2330"]
[BlackElo "2038"]
[Annotator "RC"]
[PlyCount "61"]
[EventDate "2019.11.01"]
[EventCountry "SWE"]
[SourceTitle "playchess.com"]
[Source "ChessBase"]
[SourceQuality "1"]
[TimeControl "900+5"]

1. Nf3 {[%emt 0:00:00]} Nf6 {[%emt 0:00:00]} 2. c4 {[%emt 0:00:02]} g6 {[%emt 0:00:07]} 3. g3 {[%emt 0:00:06]} Bg7 {[%emt 0:00:17]} 4. Bg2 {[%emt 0:00:07]} c6 {[%emt 0:00:09]} 5. d4 {[%emt 0:00:18]} d5 {[%emt 0:00:06]} 6. cxd5 {[%emt 0:00:02]} cxd5 {[%emt 0:00:01]} 7. Ne5 {[%emt 0:00:01]} O-O {[%emt 0:01:59]} 8. Nc3 {[%emt 0:00:18]} Bf5 {[%emt 0:00:42]} 9. Qb3 {[%emt 0:00:57]} Qb6 {[%emt 0:00:44]} 10. Qxb6 {[%emt 0:01:15]} axb6 {[%emt 0:00:04]} 11. Nxd5 {[%emt 0:00:04]} Nxd5 {[%emt 0:00:54]} 12. Bxd5 {[%emt 0:00:02]} Ra5 {[%emt 0:00:33]} 13. Bxb7 {[%emt 0:00:15]} Bxe5 {[%emt 0:00:26]} 14. dxe5 {[%emt 0:00:01]} Rxe5 {[%emt 0:00:02]} 15. Be3 {[%emt 0:00:43]} Nd7 {[%emt 0:00:17]} 16. O-O {[%emt 0:00:24]} Nc5 {[%emt 0:00:35]} 17. Bf3 {[%emt 0:00:16]} Be4 {[%emt 0:00:45]} 18. Rfd1 {[%emt 0:00:29]} Bxf3 {[%emt 0:01:04]} 19. exf3 {[%emt 0:00:01]} Na4 {[%emt 0:00:39]} 20. b3 {[%emt 0:00:16]} Nc3 {[%emt 0:00:25]} 21. Rd3 {[%emt 0:00:21]} Rc8 {[%emt 0:00:38]} 22. Bxb6 {[%emt 0:00:26]} Nd5 {[%emt 0:01:29]} 23. f4 {[%emt 0:00:45]} Rf5 {[%emt 0:00:54]} 24. Be3 {[%emt 0:00:48]} Rc2 {[%emt 0:00:18]} 25. g4 {[%emt 0:00:21]} Nxe3 {[%emt 0:00:53]} 26. gxf5 {[%emt 0:00:02]} Nxf5 {[%emt 0:00:01]} 27. a4 {[%emt 0:00:09]} Nd6 {[%emt 0:00:15]} 28. a5 {[%emt 0:00:03]} Nb5 {[%emt 0:00:15]} 29. Rd5 {[%emt 0:00:02]} Nc3 {[%emt 0:00:12]} 30. Rd8+ {[%emt 0:00:05]} Kg7 {[%emt 0:00:01]} 31. a6 {[%emt 0:00:05]} 1-0

[Event "Hasselbacken Open 2019"]
[Site "Stockholm"]
[Date "2019.11.01"]
[Round "3.1"]
[White "Mirzoev, Emil"]
[Black "Adler, Bo"]
[Result "1-0"]
[WhiteElo "2455"]
[BlackElo "2178"]
[Annotator "TA"]
[PlyCount "42"]
[EventDate "2019.11.01"]
[EventCountry "SWE"]
[SourceTitle "playchess.com"]
[Source "ChessBase"]
[SourceQuality "1"]

{[%evp 9,42,144,185,146,185,181,200,188,259,263,243,245,237,156,156,139,150,158,118,65,146,151,148,165,129,149,179,178,317,312,333,322,319,264,288]} 1. d4 Nf6 2. c4 e5 3. dxe5 Ne4 4. a3 Bc5 (4... a5 5. Qc2 d5 6. e3 Nc6 7. Nf3 Be6 8. Nbd2 Nc5 9. Be2 dxc4 10. Nxc4 Qd7 11. O-O Bf5 12. Qc3 Ne4 13. Qb3 Nc5 14. Qc3 Ne4 15. Qb3 Nc5 16. Qc3 {½-½ (16) Trepat Herranz,J (2363)-Granados Gomez,M (2372) Barcelona 2019}) 5. e3 Qe7 6. Bd3 $146 {A51: Budapest Gambit, Fajarowicz Variation} ({Predecessor:} 6. Nf3 Nc6 7. b4 Nxb4 8. axb4 Bxb4+ 9. Nbd2 a5 10. Be2 Ng5 11. O-O O-O 12. Qc2 {1-0 (33) Morel,J (1603)-Pilon,R (1463) Gatineau 2011}) 6... Qxe5 7. Nf3 Qe6 8. b4 {aiming for Qc2.White is clearly better.} Be7 (8... Bf8 $142 9. O-O Nf6) 9. Nd4 $18 Qg6 10. Qc2 d5 11. f3 Bh4+ 12. Kf1 f5 13. cxd5 O-O 14. Rg1 (14. Qxc7 Nf2 $17) (14. g3 $16 Bd8 15. Nd2) 14... Nd7 (14... Bf6 $14) 15. Ne6 $16 ({Much less strong is} 15. Qxc7 $6 Nb6 $16) 15... Rf7 16. Nf4 (16. Bxe4 fxe4 17. Nd2 (17. Nxc7 $2 Ne5 $19) 17... Nf6 $15) 16... Qh6 17. fxe4 fxe4 18. Bxe4 {And now g3 would win.} Ne5 (18... Bf6 $142) 19. g3 $18 {White has a decisive advantage.} Bh3+ 20. Ke1 Bf6 21. Bb2 {d6 is the strong threat.} Bd7 {Accuracy: White = 70%, Black = 59%.} 1-0